000 01202nam0a22002771 4500
001 rc\2948925
005 20250806211412.0
035 _a(NLR Aleph) 007096733
090 _a54906
_c54906
100 _a20110829d1943 u y0rusy50 ca
101 0 _arus
102 _aRU
105 _aa z |||||
200 1 _aСборник инструктивных указания по профилактике холеры
_fСост. и ред. И.И. Рогозин (по материалам эпидемиол. лаборатории Отд. биохимии микробов ВИЭМ)
_gПод общ. ред. Г.А. Митерева
_gНар. комиссариат здравоохранения СССР
210 _a[Ленинград]
_cЛенгорздравотдел
_d1943
215 _a46, [1] с.
_cтабл.
_d22 см
700 1 _aРогозин
_bИ.И.
_f1900-1973
_gИсаак Иосифович
702 1 _aМитерев
_bГ.А.
_4340
801 0 _aRU
_bNLR
_gpsbo
801 1 _aRU
_bELAR
_2rusmarc
852 _aNLR
_jМд96 Г-6/26
852 _aNLR
_jМд96 Г-6/24
942 _cBOOK
945 _aРоссийская национальная библиотека
980 _aNB
980 _aBV